000 00487nam a2200181Ia 4500
005 20250508153247.0
008 008 250505s9999 xx 000 0 eng d
037 _aTextual
040 _aFEDL
_beng
_cFEDL
041 _aeng
_2eng
084 _a500, GOL
_qFEDL
100 _aGoldstein Rhoda
_9763552
245 0 _aTools of the scientist
260 _aEnglewood Cliffs
_b Prentice-Hall
_c1963
300 _a72p.
942 _cTEXL
_h500, GOL
999 _c1341587
_d1341587